LEADER 00945nam a22002531i 4500 001 991000714059707536 005 20040127230829.0 008 040220s1981 it |||||||||||||||||ita 035 $ab1265940x-39ule_inst 035 $aARCHE-065774$9ExL 040 $aDip.to Scienze pedagogiche$bita$cA.t.i. Arché s.c.r.l. Pandora Sicilia s.r.l. 082 04$a373.246 100 1 $aChiosso, Giorgio$0116023 245 10$aCultura lavoro e professione /$cGiorgio Chiosso 260 $aMilano :$bVita e pensiero,$c1981 300 $aVI, 203 p. ;$c19 cm 650 4$aFormazione professionale 650 4$aIstruzione e sviluppo economico 907 $a.b1265940x$b02-04-14$c17-03-04 912 $a991000714059707536 945 $aLE022 MP 65 I 32$g1$i2022000033008$lle022$o-$pE0.00$q-$rl$s- $t0$u3$v0$w3$x0$y.i13166268$z17-03-04 996 $aCultura lavoro e professione$9272947 997 $aUNISALENTO 998 $ale022$b17-03-04$cm$da $e-$fita$git $h0$i1 LEADER 02389nam 2200613Ia 450 001 9910970460303321 005 20251117084725.0 010 $a9781283550383 010 $a1283550385 010 $a9780299015237 010 $a0299015238 035 $a(CKB)2670000000241274 035 $a(EBL)3445243 035 $a(OCoLC)927484023 035 $a(SSID)ssj0000607034 035 $a(PQKBManifestationID)11354024 035 $a(PQKBTitleCode)TC0000607034 035 $a(PQKBWorkID)10584544 035 $a(PQKB)10346858 035 $a(OCoLC)811410424 035 $a(MdBmJHUP)muse16447 035 $a(Au-PeEL)EBL3445243 035 $a(CaPaEBR)ebr10594382 035 $a(CaONFJC)MIL386283 035 $a(MiAaPQ)EBC3445243 035 $a(Perlego)4390152 035 $a(EXLCZ)992670000000241274 100 $a19971124d1998 uy 0 101 0 $aeng 135 $aur|n|---||||| 181 $ctxt$2rdacontent 182 $cc$2rdamedia 183 $acr$2rdacarrier 200 10$aDance $ea creative art experience /$fMargaret N. H'Doubler ; dance sketches by Wayne L. Claxton ; with an essay by Mary Alice Brennan 205 $a[3rd ed.]. 210 $aMadison, WI $cUniversity of Wisconsin Press$dc1998 215 $a1 online resource (xxxv, 168 pages) $cillustrations 311 0 $a9780299015244 311 0 $a0299015246 327 $a""Contents ""; ""Margaret H'Doubler: An Appreciation / Mary Alice Brennan ""; ""Foreword to the 1957 Edition / Gertrude E. Johnson ""; ""Preface ""; ""Acknowledgment ""; ""Introduction ""; ""Chapter 1: A Cultural Survey of Dance ""; ""Chapter 2: The Province of Dance ""; ""Chapter 3: Education Through Dance ""; ""Chapter 4: Technique and Expression ""; ""Chapter 5: Form as Organic Unity ""; ""Chapter 6: Form and Content ""; ""Chapter 7: Form and Structure ""; ""Chapter 8: Dance and Music ""; ""Chapter 9: Why Dance? "" 330 8 $aA landmark book in dance education is now back in print, its message as valid today as it was more than fifty years ago 606 $aDance 606 $aPerforming arts 615 0$aDance. 615 0$aPerforming arts. 676 $a793.3 700 $aH'Doubler$b Margaret Newell$f1889-1935.$01862417 801 0$bMiAaPQ 801 1$bMiAaPQ 801 2$bMiAaPQ 906 $aBOOK 912 $a9910970460303321 996 $aDance$94468671 997 $aUNINA